[Event "DMSl_2006_LSS_R3"]
[Site "SZSzach"]
[Date "2006.02.26"]
[Round "3.34"]
[White "Kornasiewicz, Jacek"]
[Black "Pawlus, Grzegorz"]
[Result "1/2-1/2"]
[WhiteElo "2195"]
[BlackElo "2061"]
[PlyCount "44"]
[EventDate "2006.??.??"]

1. e4 c6 2. d4 d5 3. exd5 cxd5 4. Bd3 Nf6 5. c3 Nc6 6. Bf4 Bg4 7. Qb3 Qc8 8.
Nd2 e6 9. Ngf3 Be7 10. O-O Bh5 11. Ne5 Nxe5 12. dxe5 Nd7 13. c4 Nc5 14. Qb5+
Qd7 15. cxd5 Nxd3 16. Qxd3 exd5 17. Rac1 O-O 18. Nb3 Rac8 19. Be3 b6 20. Nd4
Bc5 21. f4 Bxd4 22. Bxd4 Bg6 1/2-1/2

[Event "DMSl_2006_LSS_R3"]
[Site "SZSzach"]
[Date "2006.02.26"]
[Round "3.37"]
[White "Dors, Ryszard"]
[Black "Wojciechowski, Adam"]
[Result "1-0"]
[WhiteElo "2211"]
[BlackElo "2213"]
[PlyCount "79"]
[EventDate "2006.??.??"]

1. Nf3 c5 2. c4 Nc6 3. Nc3 g6 4. g3 Bg7 5. Bg2 Nf6 6. O-O O-O 7. a3 d5 8. cxd5
Nxd5 9. Nxd5 Qxd5 10. d3 Qh5 11. Rb1 Bh3 12. b4 Bxg2 13. Kxg2 cxb4 14. axb4
Rfd8 15. Bb2 e5 16. Qb3 Rac8 17. Rfc1 Nd4 18. Bxd4 exd4 19. Rxc8 Rxc8 20. Qa4
Qd5 21. Qxa7 g5 22. Kg1 g4 23. Nd2 b5 24. Ne4 f5 25. Nc5 Bf8 26. Qa6 Re8 27.
Re1 Bxc5 28. Qxb5 Rc8 29. Rc1 Qe5 30. Rxc5 Rxc5 31. Qxc5 Qxe2 32. Qd5+ Kg7 33.
Qxd4+ Kg6 34. Qb6+ Kh5 35. Qe3 Qb2 36. Qe8+ Kh6 37. Kg2 Kg7 38. Qe7+ Kg6 39.
Qd6+ Kg7 40. Qf4 1-0

[Event "DMSl_2006_LSS_R3"]
[Site "SZSzach"]
[Date "2006.02.26"]
[Round "3.38"]
[White "Moskalik, Andrzej"]
[Black "Kasprzyk, Tomasz"]
[Result "1-0"]
[WhiteElo "2144"]
[BlackElo "2137"]
[PlyCount "101"]
[EventDate "2006.??.??"]

1. e4 c5 2. Nc3 d6 3. g3 g6 4. Bg2 Bg7 5. d3 Nf6 6. h3 Nc6 7. Be3 Nd4 8. Qd2
Qa5 9. f4 Nh5 10. Kf2 f5 11. Nf3 O-O 12. Bxd4 cxd4 13. Nd5 Qd8 14. c4 e6 15.
Nb4 a5 16. Nc2 e5 17. exf5 Bh6 18. Qd1 Nxg3 19. Kxg3 Bxf4+ 20. Kf2 Rxf5 21. Qe2
Bd7 22. Raf1 Qf6 23. Ke1 Bc6 24. Nd2 Bxd2+ 25. Qxd2 Rf8 26. Rxf5 gxf5 27. Bxc6
bxc6 28. Rg1+ Kh8 29. Qg5 f4 30. Qxf6+ Rxf6 31. Ke2 Rh6 32. Rh1 Kg7 33. Ne1 Kf6
34. Nf3 Kf5 35. h4 Rg6 36. Kf2 c5 37. Ng5 h6 38. Ne4 d5 39. cxd5 c4 40. d6 cxd3
41. d7 Rg8 42. Nc5 e4 43. Nxe4 Kxe4 44. Re1+ Kf5 45. Re8 d2 46. Ke2 f3+ 47.
Kxd2 Rg2+ 48. Kd3 f2 49. Rf8+ Ke6 50. d8=Q f1=Q+ 51. Rxf1 1-0

[Event "DMSl_2006_LSS_R3"]
[Site "SZSzach"]
[Date "2006.02.26"]
[Round "3.39"]
[White "Skrzyczek, Tomasz"]
[Black "Lubosik, Zbigniew"]
[Result "1-0"]
[WhiteElo "2035"]
[BlackElo "2131"]
[PlyCount "43"]
[EventDate "2006.??.??"]

1. e4 c5 2. Nf3 e6 3. d4 cxd4 4. Nxd4 a6 5. Nc3 Qc7 6. Be3 b5 7. Qd2 Bb7 8. f3
Ne7 9. Ndxb5 axb5 10. Nxb5 Qc6 11. Nd6+ Kd8 12. Bb5 Qc7 13. Nxf7+ Ke8 14. Bf4
Qb6 15. Be3 Qc7 16. Nxh8 Qe5 17. c4 Nec6 18. O-O g6 19. Bxc6 Nxc6 20. Nf7 Kxf7
21. Qxd7+ Ne7 22. Qxb7 1-0

[Event "DMSl_2006_LSS_R3"]
[Site "SZSzach"]
[Date "2006.02.26"]
[Round "3.41"]
[White "Gorczyca, Dominika"]
[Black "Dudys, Jakub"]
[Result "0-1"]
[WhiteElo "1963"]
[BlackElo "2005"]
[PlyCount "54"]
[EventDate "2006.??.??"]

1. d4 Nf6 2. Nf3 g6 3. g3 Bg7 4. Bg2 O-O 5. O-O d5 6. Nbd2 b6 7. c4 Bb7 8. Ne5
Nbd7 9. f4 c5 10. e3 Qc7 11. cxd5 cxd4 12. Nxd7 Qxd7 13. e4 e6 14. dxe6 fxe6
15. e5 Ne8 16. b3 Bxg2 17. Kxg2 Nc7 18. Bb2 Nd5 19. Bxd4 Nxf4+ 20. Rxf4 Rxf4
21. gxf4 Qxd4 22. Nf3 Qxf4 23. Qe2 Rf8 24. Rf1 Rf5 25. Qc2 Qg4+ 26. Kh1 Rxf3
27. Qc8+ Bf8 0-1

[Event "DMSl_2006_LSS_R3"]
[Site "SZSzach"]
[Date "2006.02.26"]
[Round "3.43"]
[White "Rzepka, Krzysztof"]
[Black "Banasik, Marian"]
[Result "1-0"]
[WhiteElo "2195"]
[BlackElo "2229"]
[PlyCount "97"]
[EventDate "2006.??.??"]

1. d4 b5 2. e4 Bb7 3. Bxb5 Bxe4 4. Nf3 Nf6 5. O-O e6 6. c4 Be7 7. Nc3 Bb7 8.
Re1 O-O 9. a3 a5 10. Bg5 d6 11. Ba4 Na6 12. Bc2 g6 13. Rb1 Kg7 14. b4 axb4 15.
axb4 c6 16. Qd2 Ng8 17. Bf4 Nc7 18. Ne4 Qd7 19. c5 Ne8 20. Ra1 d5 21. Neg5 Bxg5
22. Bxg5 Nef6 23. Ne5 Qc7 24. Bf4 Nh5 25. Nxg6 Nxf4 26. Nxf4 Nf6 27. Nh5+ Nxh5
28. Qg5+ Kh8 29. Qxh5 f5 30. Rxa8 Rxa8 31. g3 Qd7 32. Kg2 Rf8 33. Qh6 Re8 34.
Qf6+ Qg7 35. Qxg7+ Kxg7 36. Bxf5 Kf6 37. Bxh7 Ra8 38. Rb1 Ra2 39. b5 Rd2 40.
bxc6 Bxc6 41. Rb6 Ba4 42. Rb4 Be8 43. h3 e5 44. Rb6+ Kg7 45. Rb7+ Kh6 46. dxe5
d4 47. Be4 d3 48. h4 Rd1 49. Rh7# 1-0

[Event "DMSl_2006_LSS_R3"]
[Site "SZSzach"]
[Date "2006.02.26"]
[Round "3.44"]
[White "Bien, Zygmunt"]
[Black "Lozynski, Kamil"]
[Result "0-1"]
[WhiteElo "2029"]
[BlackElo "1943"]
[PlyCount "78"]
[EventDate "2006.??.??"]

1. e4 e6 2. b3 d5 3. Bb2 Nf6 4. e5 Nfd7 5. f4 Be7 6. Nf3 c5 7. Be2 Nc6 8. O-O
f5 9. d4 O-O 10. Kh1 Kh8 11. Bb5 a6 12. Bxc6 bxc6 13. Nc3 Nb6 14. Ne2 Bd7 15.
dxc5 Bxc5 16. Ned4 Be7 17. a4 c5 18. a5 Nc8 19. Ne2 Rb8 20. Bc3 Na7 21. Bd2 Nc6
22. h3 Nb4 23. c3 Nc6 24. c4 d4 25. Nc1 Nb4 26. Ne1 Bc6 27. Ncd3 Nxd3 28. Nxd3
Qc7 29. Nc1 Qb7 30. Qe2 Rg8 31. Kh2 g5 32. g3 Rg6 33. Qf2 g4 34. h4 Bxh4 35.
Kg1 Be7 36. Re1 Rh6 37. Kf1 Bf3 38. Ne2 Rh1+ 39. Ng1 Qxb3 0-1

[Event "DMSl_2006_LSS_R3"]
[Site "SZSzach"]
[Date "2006.02.26"]
[Round "3.49"]
[White "Szopka, Dariusz"]
[Black "Piter, Slawomir"]
[Result "1-0"]
[WhiteElo "2204"]
[BlackElo "2159"]
[PlyCount "53"]
[EventDate "2006.??.??"]

1. e4 c5 2. Nf3 Nc6 3. d4 cxd4 4. Nxd4 Nf6 5. Nc3 e6 6. Ndb5 Bb4 7. a3 Bxc3+ 8.
Nxc3 d5 9. exd5 exd5 10. Bd3 O-O 11. O-O d4 12. Ne2 Qb6 13. Bg5 Nd5 14. Ng3 Ne5
15. Be4 Nf6 16. Bf5 Bxf5 17. Nxf5 d3 18. cxd3 Rfd8 19. d4 g6 20. Qe2 Neg4 21.
Ne7+ Kg7 22. h3 h6 23. Bh4 Qe6 24. Rae1 Re8 25. hxg4 Rxe7 26. Bxf6+ Kxf6 27.
Qf3+ 1-0

[Event "DMSl_2006_LSS_R3"]
[Site "SZSzach"]
[Date "2006.02.26"]
[Round "3.50"]
[White "Porebski, Lukasz"]
[Black "Pfranger, Adam"]
[Result "0-1"]
[WhiteElo "2084"]
[BlackElo "2171"]
[PlyCount "59"]
[EventDate "2006.??.??"]

1. e4 d5 2. exd5 Qxd5 3. Nc3 Qd6 4. Be2 Nf6 5. Nf3 a6 6. h3 Nc6 7. d4 Bf5 8. a3
O-O-O 9. Be3 e5 10. dxe5 Nxe5 11. Qxd6 Nxf3+ 12. Bxf3 Rxd6 13. Rc1 g6 14. g4
Bd7 15. Rd1 Rxd1+ 16. Kxd1 Bg7 17. Kc1 Be6 18. Rd1 h5 19. Bd4 hxg4 20. Bxg4 Re8
21. f3 Bh6+ 22. Kb1 Nd7 23. h4 Bf4 24. Bxe6 Rxe6 25. Rh1 Be5 26. Bxe5 Rxe5 27.
Kc1 Rf5 28. Re1 Kd8 29. Re3 Ne5 30. Nd5 0-1

[Event "DMSl_2006_LSS_R3"]
[Site "SZSzach"]
[Date "2006.02.26"]
[Round "3.51"]
[White "Majczyna, Andrzej"]
[Black "Worek, Andrzej"]
[Result "1/2-1/2"]
[WhiteElo "2055"]
[BlackElo "2031"]
[PlyCount "55"]
[EventDate "2006.??.??"]

1. d4 d5 2. e3 Nf6 3. Bd3 Bg4 4. f3 Bh5 5. Ne2 e6 6. Nf4 Bd6 7. Nxh5 Nxh5 8. g3
c5 9. c3 cxd4 10. exd4 O-O 11. f4 g6 12. O-O Nc6 13. Nd2 a6 14. Nf3 b5 15. Ne5
Qc7 16. Qe2 Ng7 17. Bd2 f6 18. Nxc6 Qxc6 19. Rac1 Qb6 20. Be3 Rae8 21. Qf3 Kh8
22. Rfe1 Qb7 23. Qg2 Nf5 24. Bf2 Bb8 25. Re2 Qd7 26. Rce1 Ng7 27. Qh3 Kg8 28.
Qg4 1/2-1/2

[Event "DMSl_2006_LSS_R3"]
[Site "SZSzach"]
[Date "2006.02.26"]
[Round "3.52"]
[White "Ochodek, Mariusz"]
[Black "Goliszek, Wieslaw"]
[Result "1/2-1/2"]
[WhiteElo "2068"]
[BlackElo "2120"]
[PlyCount "21"]
[EventDate "2006.??.??"]

1. e4 Nc6 2. d4 d6 3. Nf3 Nf6 4. Nc3 Bg4 5. Be2 g6 6. h3 Bxf3 7. Bxf3 e5 8. Be3
Bg7 9. O-O O-O 10. dxe5 Nxe5 11. Be2 1/2-1/2

[Event "DMSl_2006_LSS_R3"]
[Site "SZSzach"]
[Date "2006.02.26"]
[Round "3.55"]
[White "Lizak, Sebastian"]
[Black "Lach, Krzysztof"]
[Result "1/2-1/2"]
[WhiteElo "2077"]
[BlackElo "2029"]
[PlyCount "88"]
[EventDate "2006.??.??"]

1. c4 e5 2. Nc3 Nc6 3. g3 g6 4. Bg2 Bg7 5. d3 d6 6. e4 Be6 7. Nge2 Qd7 8. Be3
Nge7 9. Qd2 Nd4 10. Bxd4 exd4 11. Nd5 c6 12. Ndf4 f5 13. Nxe6 Qxe6 14. O-O O-O
15. exf5 Nxf5 16. Bh3 Qf6 17. Rae1 Rae8 18. Qa5 a6 19. Qb6 Re7 20. Bxf5 gxf5
21. Nf4 Rfe8 22. Nh5 Qf7 23. Nxg7 Kxg7 24. Qxd4+ Qf6 25. Rxe7+ Rxe7 26. Qb6 h5
27. Qa5 Kg6 28. Re1 Rxe1+ 29. Qxe1 Qxb2 30. Qe8+ Kg7 31. Qe7+ Kg8 32. Qg5+ Kf7
33. Qxh5+ Ke7 34. Qh7+ Kd8 35. Qg8+ Kc7 36. Qf7+ Kb6 37. Qxf5 Qxa2 38. g4 a5
39. g5 a4 40. Kg2 Qb2 41. g6 a3 42. Qf8 Qd4 43. Qd8+ Ka6 44. Qa8+ Kb6 1/2-1/2

[Event "DMSl_2006_LSS_R3"]
[Site "SZSzach"]
[Date "2006.02.26"]
[Round "3.56"]
[White "Przybylka, Damian"]
[Black "Gondzik, Dawid"]
[Result "1-0"]
[WhiteElo "2091"]
[BlackElo "2042"]
[PlyCount "120"]
[EventDate "2006.??.??"]

1. e4 c5 2. c3 Nf6 3. e5 Nd5 4. d4 cxd4 5. Nf3 Nc6 6. cxd4 d6 7. Nc3 Nxc3 8.
bxc3 dxe5 9. d5 e4 10. dxc6 Qxd1+ 11. Kxd1 exf3 12. Bb5 Kd8 13. Bf4 bxc6 14.
Bxc6 fxg2 15. Rg1 Bg4+ 16. Kc2 e5 17. Bxe5 Bf5+ 18. Kb3 Rc8 19. Rad1+ Ke7 20.
Bxg2 Be6+ 21. Kb2 f6 22. Bg3 Kf7 23. Bd5 Bc5 24. Bxe6+ Kxe6 25. Rge1+ Kf7 26.
Rd7+ Kg6 27. Re4 h5 28. Kb3 Rhe8 29. f3 Red8 30. Rxd8 Rxd8 31. Kc4 Bg1 32. Re1
Bb6 33. Re7 Rd2 34. a4 Bg1 35. a5 Bxh2 36. Bxh2 Rxh2 37. Rxa7 h4 38. Rd7 Rh1
39. Rd2 h3 40. Kc5 Ra1 41. Kb5 Rb1+ 42. Kc5 Rb3 43. c4 Rxf3 44. Kb5 Rf1 45. Ra2
Rb1+ 46. Kc5 Rb8 47. a6 Rc8+ 48. Kb5 Kf7 49. a7 Ra8 50. Kb6 g5 51. c5 g4 52.
Rh2 Rh8 53. c6 Ke7 54. c7 Kd7 55. Rd2+ Ke6 56. Kb7 g3 57. c8=Q+ Rxc8 58. Kxc8
g2 59. a8=Q g1=Q 60. Qe4+ Kf7 1-0

[Event "DMSl_2006_LSS_R3"]
[Site "SZSzach"]
[Date "2006.02.26"]
[Round "3.57"]
[White "Dzierzak, Boguslaw"]
[Black "Kempa, Stefan"]
[Result "0-1"]
[WhiteElo "2198"]
[BlackElo "2164"]
[PlyCount "101"]
[EventDate "2006.??.??"]

1. e4 c6 2. d4 d5 3. Nd2 dxe4 4. Nxe4 Nd7 5. Nf3 Ngf6 6. Ng3 e6 7. Bd3 Bd6 8.
O-O Qe7 9. Re1 O-O 10. c3 c5 11. Bc2 b6 12. Ne4 Bb7 13. Nxd6 Qxd6 14. dxc5 Qxd1
15. Rxd1 Nxc5 16. Ne5 Rfd8 17. Bg5 h6 18. Bxf6 gxf6 19. Ng4 Kg7 20. f3 Ba6 21.
Nf2 Be2 22. Rxd8 Rxd8 23. b4 Na6 24. Bb3 f5 25. Rc1 Rc8 26. a3 Bc4 27. Bxc4
Rxc4 28. Nd3 Kf6 29. Kf2 Rc8 30. c4 e5 31. Nb2 Nc7 32. Rd1 Ke7 33. g3 Ne6 34.
Rd5 f6 35. a4 Nc7 36. Rd2 Na6 37. b5 Nc5 38. Rd5 Nb3 39. Ke3 Na5 40. f4 Nxc4+
41. Nxc4 Rxc4 42. fxe5 Re4+ 43. Kd3 fxe5 44. a5 bxa5 45. Rc5 Rd4+ 46. Kc3 Ke6
47. Rc6+ Rd6 48. Rc7 a6 49. bxa6 Rxa6 50. Rh7 Kd5 51. Rd7+ 0-1

[Event "DMSl_2006_LSS_R3"]
[Site "SZSzach"]
[Date "2006.02.26"]
[Round "3.61"]
[White "Mulet, Piotr"]
[Black "Wolak, Marek"]
[Result "1-0"]
[WhiteElo "2218"]
[BlackElo "2111"]
[PlyCount "53"]
[EventDate "2006.??.??"]

1. e4 c6 2. d4 d5 3. exd5 cxd5 4. c4 Nf6 5. Nc3 e6 6. Nf3 Nc6 7. Bg5 Be7 8. Rc1
O-O 9. a3 dxc4 10. Bxc4 h6 11. Bh4 a6 12. O-O b5 13. Bd3 Bb7 14. Bb1 Nd5 15.
Bg3 Nxc3 16. Rxc3 Bf6 17. Qc2 g6 18. Rxc6 Bxc6 19. Qxc6 Bxd4 20. h4 Bxb2 21. h5
Qc8 22. Qe4 Qc4 23. Qe3 Kh7 24. Ne5 Bxe5 25. Bxe5 Rac8 26. hxg6+ fxg6 27. Qa7+
1-0

[Event "DMSl_2006_LSS_R3"]
[Site "SZSzach"]
[Date "2006.02.26"]
[Round "3.62"]
[White "Wolynski, Krzysztof"]
[Black "Fraczek, Leslaw"]
[Result "1-0"]
[WhiteElo "1997"]
[BlackElo "1976"]
[PlyCount "77"]
[EventDate "2006.??.??"]

1. e4 e5 2. f4 exf4 3. Bc4 Nc6 4. Nf3 d6 5. d4 g5 6. h4 Na5 7. Bb5+ c6 8. Bd3
g4 9. b4 gxf3 10. Qxf3 Bg7 11. c3 c5 12. bxa5 cxd4 13. Bb2 Qxa5 14. O-O dxc3
15. Bxc3 Bxc3 16. Nxc3 Be6 17. Ne2 Qc5+ 18. Kh1 Qe3 19. Bb5+ Ke7 20. Nxf4 Qxf3
21. Rxf3 Nf6 22. Raf1 Bg4 23. Nd5+ Nxd5 24. Rxf7+ Ke6 25. Bc4 Ke5 26. Bxd5 Rab8
27. Re7+ Kd4 28. Bxb7 h5 29. Rf2 Ke3 30. Rf6 Rbd8 31. Bd5 Rhf8 32. Rxf8 Rxf8
33. Rxa7 Kf4 34. Kh2 Rb8 35. a4 Rb2 36. a5 Ke5 37. a6 Bf3 38. Re7+ Kd4 39. Kg3
1-0

[Event "DMSl_2006_LSS_R3"]
[Site "SZSzach"]
[Date "2006.02.26"]
[Round "3.63"]
[White "Tomanek, Jerzy"]
[Black "Hasinski, Krystian"]
[Result "0-1"]
[WhiteElo "1974"]
[BlackElo "2052"]
[PlyCount "104"]
[EventDate "2006.??.??"]

1. e4 e6 2. d4 d5 3. exd5 exd5 4. Nf3 f5 5. Ne5 Nf6 6. Bg5 Be7 7. Bxf6 Bxf6 8.
Qh5+ g6 9. Qf3 O-O 10. Nc3 c6 11. Bd3 Qb6 12. Ne2 Qxb2 13. O-O Bxe5 14. dxe5
Qxe5 15. c3 Nd7 16. Rfe1 Nc5 17. Bc2 Bd7 18. Nd4 Qd6 19. Re3 Rae8 20. Rae1 Rxe3
21. Rxe3 Ne4 22. Qd1 b5 23. f3 Nf6 24. Qe1 Re8 25. Rxe8+ Nxe8 26. Qe3 a5 27. h4
Nf6 28. Qg5 Kf7 29. Kf2 Qc5 30. Qd2 b4 31. cxb4 axb4 32. Qe3 Qe7 33. Qd2 c5 34.
Ne2 Qe5 35. Nf4 Kg7 36. Nd3 Qd4+ 37. Qe3 Qxe3+ 38. Kxe3 d4+ 39. Kd2 c4 40. Nxb4
Be6 41. a4 Nd5 42. Nc6 d3 43. Bd1 f4 44. a5 Bf5 45. Nd4 c3+ 46. Ke1 c2 47. Bxc2
dxc2 48. Nxf5+ gxf5 49. Kd2 Nb4 50. a6 Nxa6 51. Kxc2 Kh6 52. Kd3 Kh5 0-1